Tilastot visalle Valtiot, joissa on vuonoja

Klikkaa tästä pelataksesi tätä visaa!

Yleistilastot

  • Tätä visaa on pelattu 1 119 kertaa
    (1 030 viimeisimmän päivityksen jälkeen)
  • Keskiarvotulos 9 / 12

Vastaustilastot

Valtio% Oikein
Norja
99%
Venäjä
96%
Kanada
94%
Yhdysvallat
94%
Ruotsi
90%
Islanti
85%
Tanska (Grönlanti)
81%
Yhdistynyt kuningaskunta
67%
Chile
63%
Irlanti
62%
Argentiina
61%
Uusi-Seelanti
47%

Tulosjakauma

Persentiili vastausten määrän mukaan

Jokaisen tuloksen saaneiden osuus

Tuloshistoriasi

Et ole pelannut tätä visaa sen viimeisimmän päivityksen jälkeen